000
00333 a2200133 4500
000
nam a22 7a 4500
100
_a
Marc Peter Deisenroth
110
_a
Marc Peter Deisenroth
245
_a
MATHEMATICS FOR MACHINE LEARNING
250
_a
latest edition
260
_b
cambridge
_c
2026
264
_b
cambridge
_c
2026
942
_c
BK
999
_c
397138
_d
397138